000 00388nam a2200157Ia 4500
008 221030s9999 xx 000 0 und d
020 _a8185015694
041 _aEnglish
082 _a105.23
_bChe
100 _aD. K. Cheng
245 0 _aAnalysis of Linear Systems
_cby D. K. Cheng
260 _bGalgotia Pub
_aNew Delhi
_c1994
300 _a435
650 _aBE Mathematics
942 _cBK
999 _c2553
_d2553